LEADER 00909nam0-2200325---450 001 990009110910403321 005 20200212091556.0 035 $a000911091 035 $aFED01000911091 035 $a(Aleph)000911091FED01 035 $a000911091 100 $a20091102d1972----km-y0itay50------ba 101 1 $aita$ceng 102 $aIT 105 $aa-------001yy 200 1 $aCiviltà$fKenneth Clark 210 $aFirenze$cSansoni$d1972 215 $aVII, 375 p., [42] p. di tav.$cill.$d26 cm 454 0$12001$aCivilisation$ea personal view$91668509 610 0 $aCiviltà$aStoria$aSaggi 700 1$aClark,$bKenneth$f<1903-1983>$036279 801 0$aIT$bUNINA$gRICA$2UNIMARC 901 $aBK 912 $a990009110910403321 952 $a11.128$b6275$fDARST 952 $aFONDO ROSSI 292$bROSSI 295$fFARBC 959 $aFARBC 959 $aDARST 996 $aCivilisation$91668509 997 $aUNINA